000 00672cam a2200229 a 4500
001 14429430
005 20180316043646.0
008 060627s2006 nyu 000 0 eng
010 _a 2006046617
020 _a9780393929836 (pbk.)
020 _a0393929833 (pbk.)
040 _aDLC
_cDLC
041 _aeng
080 _a808.066
082 0 0 _a808.066 GOC
_222
100 1 _a25
101 _aEDU
245 1 0 _aWriting about movies /
_cKaren M. Gocsik, Richard Barsam.
906 _a7
_bcbc
_corignew
_d1
_eocip
_f20
_gy-gencatlg
942 _2ddc
_cBK
999 _c45205
_d45205